000 00605nam a2200217Ia 4500
005 20241129120055.0
008 241129s9999||||xx |||||||||||||| ||und||
020 _a9780367426446
037 _aTB
040 _aSDCL
_beng
_cSDCL
041 _aeng
_2eng
084 _aX:(S:44), R2
_qSDCL
100 _aLehr Brandon
_9725085
245 0 _aBehavioral Economics : Evidence, Theory, and Welfare
260 _aLondon
_bRoutledge
_c2022
300 _axx,519p.
365 _aGBP
_b52.99
650 _aBusiness Economics and Finance
942 _cTB
_hX:(S:44), R2
999 _c1233235
_d1233235